000 00645nam a2200217Ia 4500
005 20241129105859.0
008 241129s9999||||xx |||||||||||||| ||und||
020 _a978-93-91952-20-4
037 _aTB
040 _aARTS
_beng
_cARTS
041 _aeng
_2eng
084 _aQ28M8:33 R2
_qARTS
100 _aSharma Brij Kishore Au.
_9589619
245 0 _aRise and growth of Arya samaj movement 1863 - 1947
_cSharma Brij Kishore Au.
260 _aDelhi, India
_bPathak Publisher and Distridutors
_c2022
300 _ax,342p.
365 _aINR
_b1595
650 _aReligion
942 _cTB
_hQ28M8:33 R2
999 _c1226411
_d1226411